LEADER 01680nam0 22003011i 450 001 UON00025843 005 20250117021601.380 100 $a20020107d1741 |0itac50 ba 101 $alat 102 $aDE 140 $a||||||||| ||||||||| 200 1 $aIo. Laurentii Moshemii Historia Tartarorum ecclesiastica : adiecta est Tartariae Asiaticae secundum recentiores geographos in mappa delineatio 210 $aHelmstadi$capud Fridericum Christianum Weygand$d1741 215 $a[1] c. ripieg., 216 p., [1] c. di tav.$d4° 606 $aMongolia$xStoria ecclesiastica$3UONC008572$2FI 606 $aTatari$xStoria ecclesiastica$xSec. 18.$3UONC099663$2FI 620 $dHelmstadt$3UONL001097 686 $aAC IV$cASIA CENTRALE - STORIA$2A 700 1$aMosheim$bJohann Lorenz : von$3UONV089208$0546803 702 1$aWeygand$bChristian Friedrich$3UONV287527$4610 712 $aWeygand$3UONV250104$4650 801 $aIT$bSOL$c20250124$gRICA 856 4 $uhttp://next.unior.it/sebina/repository/catalogazione/documenti/Mosheim_Historia Tartarorum ecclesiastica.pdf$zMosheim_Historia Tartarorum ecclesiastica_SiBA_Dig.Unior 899 $aSIBA - SISTEMA BIBLIOTECARIO DI ATENEO$2UONSI$uhttp://next.unior.it/sebina/repository/catalogazione/documenti/Mosheim_Historia Tartarorum ecclesiastica.pdf 912 $aUON00025843 950 $aSIBA - SISTEMA BIBLIOTECARIO DI ATENEO$dSI RARI AC IV 002 $eSI MR 21385 7 002 996 $aIo. Laurentii Moshemii Historia Tartarorum ecclesiastica : adiecta est Tartariae Asiaticae secundum recentiores geographos in mappa delineatio$92876839 997 $aUNIOR